Học từ vựng và thành ngữ tiếng Anh trình độ nâng cao = Advanced vocabulary and idioms /
This book is for students who already have a good command of the basic structures of English and who now wish to increase their range of vocabulary and idioms, and to gain more knowledge of particular styles of English.
Tallennettuna:
| Päätekijä: | |
|---|---|
| Muut tekijät: | |
| Aineistotyyppi: | Kirja |
| Kieli: | English Vietnamese |
| Julkaistu: |
Tp.HCM :
Nxb Tp.HCM,
1997.
|
| Aiheet: | |
| Tagit: |
Lisää tagi
Ei tageja, Lisää ensimmäinen tagi!
|
| Thư viện lưu trữ: | Mạng thư viện Đại học Đà Nẵng |
|---|
| LEADER | 01474nam a2200373 a 4500 | ||
|---|---|---|---|
| 001 | 000041453 | ||
| 003 | 18325 | ||
| 005 | 20210128093625.0 | ||
| 008 | 171030s1997 | ||
| 040 | |a LNN | ||
| 041 | 1 | |a eng |a vie | |
| 082 | 1 | 4 | |a 428.1 |b TH-B |
| 100 | 1 | |a Thomas, B. J. | |
| 245 | 1 | 0 | |a Học từ vựng và thành ngữ tiếng Anh trình độ nâng cao = |b Advanced vocabulary and idioms / |c B. J. Thomas ; Nguyễn Thành Yến dịch. |
| 246 | 3 | 1 | |a Advanced vocabulary and idioms. |
| 260 | |a Tp.HCM : |b Nxb Tp.HCM, |c 1997. | ||
| 300 | |a 223 p. ; |c 20 cm. | ||
| 520 | 3 | |a This book is for students who already have a good command of the basic structures of English and who now wish to increase their range of vocabulary and idioms, and to gain more knowledge of particular styles of English. | |
| 630 | 0 | 4 | |a English language. |
| 630 | 0 | 4 | |a Vocabulary. |
| 630 | 0 | 4 | |a Idioms. |
| 650 | 0 | 4 | |a English language |x Vocabulary. |
| 650 | 0 | 4 | |a English language |x Idioms. |
| 700 | 1 | |a Nguyễn Thành Yến, |e dịch. | |
| OWN | |a LNN | ||
| 902 | |a TKA | ||
| AVA | |a UDN50 |b LNN |c English |d 428.1 TH-B |e available |t Error 5001 Not defined in file expand_doc_bib_avail. |f 5 |g 0 |h N |i 5 |j AN | ||
| 999 | |a From the UDN01 | ||
| AVA | |a UDN50 |b LNN |c English |d 428.1 TH-B |e available |t Error 5001 Not defined in file expand_doc_bib_avail. |f 5 |g 0 |h N |i 5 |j AN | ||
| TYP | |a Monograph | ||
| TYP | |a Printed language | ||
| 980 | |a Mạng thư viện Đại học Đà Nẵng | ||